| 000 | 00931cam a2200265 i 4500 | ||
|---|---|---|---|
| 942 | _cBK | ||
| 999 |
_c554 _d554 |
||
| 001 | 19024409 | ||
| 003 | OSt | ||
| 005 | 20250420134815.0 | ||
| 008 | 160321s2015 ii a b 001 0 eng | ||
| 010 | _a 2016304653 | ||
| 020 |
_a9780199456666 _q(pbk.) |
||
| 040 |
_aDLC _beng _cKCST |
||
| 042 | _apcc | ||
| 050 | 0 | 0 |
_aQA9.58 _b.B53 2015 |
| 082 | 0 | 0 |
_a518.1 _223 _bBh Al |
| 100 | 1 |
_aBhasin, Harsh _c(Assistant professor in computer science), _eauthor. _94908 |
|
| 245 | 1 | 0 |
_aAlgorithms : _bdesign and analysis / _cHarsh Bhasin, assistant professor, Department of Computer Science, Jamia Hamdard, New Delhi. |
| 260 |
_aNew Delhi, India : _bOxford University Press, _c2015. |
||
| 300 |
_axxviii, 690 pages : _billustrations ; _c25 cm |
||
| 504 | _aIncludes bibliographical references (pages [681]-684) and index. | ||
| 650 | 0 |
_aAlgorithms. _9430 |
|
| 650 | 0 |
_aAlgorithms _vProblems, exercises, etc. _94909 |
|
| 942 | _2ddc | ||